000 00703nam a22001817a 4500
003 UA-OsUOA
001 14445
007 ta
008 20030918b un ||||| |||| 00| 0 ukr d
100 _aСорока М.
942 _cSA
040 _aUA-OsUOA
_cUA-OsUOA
_dUA-OsUOA
245 _aЧас сумнівів уже минув : Інтерв'ю з головою Рівнен. обл. держ. адміністрації М.Сорокою
_cМ. Сорока; І. Ткачук; / Вів розмову В.Кохан
300 _aС.1
955 _a0
773 0 _w0
_tВісті Рівненщини
_dРівне
_d2003
_g№72/3 верес./
650 7 _aДержавні адміністрації
_2UDC
999 _c300606
_d300606